|
|
|
|
| LEADER |
00763cam a2200217 7i4500 |
| 001 |
0000085598 |
| 005 |
20250312090000.0 |
| 020 |
|
|
|a 9836275975
|
| 090 |
0 |
0 |
|a PL5108
|b Z35 2002
|
| 100 |
0 |
|
|a Zainal Abidin Ahmad
|
| 245 |
1 |
0 |
|a Ilmu mengarang Melayu
|c Zainal Abidin Ahmad (Za'ba), introduced by Asmah Haji Omar.
|
| 250 |
|
|
|a edisi ejaan rumi baharu.
|
| 264 |
|
|
|a Kuala Lumpur:
|b Dewan Bahasa dan Pustaka,
|c 2002.
|
| 300 |
|
|
|a xxxiii, 292 pages;
|c 25 cm.
|
| 336 |
|
|
|a text
|2 rdacontent
|
| 337 |
|
|
|a unmediated
|2 rdamedia
|
| 338 |
|
|
|a volume
|2 rdacarrier
|
| 650 |
|
0 |
|a Malay language --
|x Grammar
|
| 700 |
0 |
|
|a Asmah Haji Omar
|
| 997 |
|
|
|a Education & Social Sciences, Faculty
|b Language Education, Department
|
| 999 |
|
|
|a 0000062126
|b BOK
|c OPEN SHELF
|e 1st Floor, Shah Alam
|